Kvalifikácia účtovníkov - celosvetový problém
Konzultácia aktuálnych problémov vo vzdelávaní účtovníkov so zástupcami OSN/UNCTAD a s lektormi z V. Británie a Švajčiarska. Smernica o národných požiadavkách na kvalifikáciu profesie účtovník. Potreba prijatia smernice v ČR.
Salvato in:
| Autore principale: | |
|---|---|
| Altri autori: | |
| Natura: | Capitolo di libro |
| Lingua: | slovacco |
| Soggetti: | |
| Tags: |
Nessun Tag, puoi essere il primo ad aggiungerne!!
|
MARC
| LEADER | 00000naa a2200000 4500 | ||
|---|---|---|---|
| 001 | r040288 | ||
| 005 | 20231002072939.9 | ||
| 041 | 0 | |a slo | |
| 044 | |a SK | ||
| 245 | 1 | 0 | |a Kvalifikácia účtovníkov - celosvetový problém |c Věroslav Sobotka ; preložila: Bronislava Kovalčíková |
| 520 | |a Konzultácia aktuálnych problémov vo vzdelávaní účtovníkov so zástupcami OSN/UNCTAD a s lektormi z V. Británie a Švajčiarska. Smernica o národných požiadavkách na kvalifikáciu profesie účtovník. Potreba prijatia smernice v ČR. | ||
| 610 | 2 | 0 | |a účtovníci |
| 610 | 2 | 0 | |a kvalifikácia |
| 610 | 2 | 0 | |a vzdelávanie |
| 610 | 2 | 0 | |a smernice |
| 610 | 2 | 0 | |a UNCTAD |
| 100 | 1 | |a Sobotka, Věroslav | |
| 700 | 1 | |a Kovalčíková, Bronislava | |